BRUNNER & SUDDARTH'S TB. OF MEDICAL SURGICAL NURSING-I (Record no. 21972)

MARC details
000 -LEADER
fixed length control field 00377nam a22001457a 4500
003 - CONTROL NUMBER IDENTIFIER
control field SGT
020 ## - INTERNATIONAL STANDARD BOOK NUMBER
International Standard Book Number 9789387963726
082 ## - DEWEY DECIMAL CLASSIFICATION NUMBER
Classification number 610.7367
Item number B19S
100 ## - MAIN ENTRY--PERSONAL NAME
Personal name SHARMA, SURESH K.
245 ## - TITLE STATEMENT
Title BRUNNER & SUDDARTH'S TB. OF MEDICAL SURGICAL NURSING-I
260 ## - PUBLICATION, DISTRIBUTION, ETC. (IMPRINT)
Place of publication, distribution, etc INDIA
Name of publisher, distributor, etc WOLTERS KLUWER PUB
Year of Publication 2019
300 ## - PAGE DESCRIPTION
No. of Pages 1104
650 ## - SUBJECT ADDED ENTRY--TOPICAL TERM
Topical term or geographic name as entry element MEDICAL SURGICAL NURSING
942 ## - ADDED ENTRY ELEMENTS (KOHA)
Source of classification or shelving scheme Dewey Decimal Classification
Koha item type Books
942 ## - ADDED ENTRY ELEMENTS (KOHA)
-- 45
Holdings
Withdrawn status Lost status Source of classification or shelving scheme Damaged status Not for loan Collection code Home library Current library Shelving location Date acquired Vendor Name Cost, normal purchase price Volume Information (Serial or Books or Non-Book Material) SGTU Bill Number Total Checkouts Full call number Accession No. (Barcode) Date last seen Date last borrowed Bill Date Koha item type
    Dewey Decimal Classification     NURSING SGT Medical Library SGT Medical Library Text Book 12/10/2021 ABC DELHI 2799.00 VOLUME-1 SGTU 13309 21 610.7367 B19S FN4629 06/01/2026 22/12/2025   Books
    Dewey Decimal Classification     NURSING SGT Medical Library SGT Medical Library Text Book 12/10/2021 ABC DELHI 2799.00 VOLUME-1 SGTU 13309 15 610.7367 B19S FN4630 22/12/2025 22/12/2025   Books
    Dewey Decimal Classification     NURSING SGT Medical Library SGT Medical Library Text Book 12/10/2021 ABC DELHI 2799.00 VOLUME-1 SGTU 13309 19 610.7367 B19S FN4631 08/04/2026 08/04/2026   Books